‎تا ر يچ ا سلا مکے مسچ کر د ہ حقا ءق کا بھر پو ر جا يزہ ا و ر حقيقت کا ا نکشا ف (Record no. 91836)

MARC details
000 -LEADER
fixed length control field 01083nam a22002417a 4500
005 - DATE AND TIME OF LATEST TRANSACTION
control field 20170405155959.0
008 - FIXED-LENGTH DATA ELEMENTS--GENERAL INFORMATION
fixed length control field 140714b xxu||||| |||| 00| 0 Urdu d
010 ## - LCCN (DPL NO)
LC control number UR-8674 B-665874
020 q# - INTERNATIONAL STANDARD BOOK NUMBER
Terms of availability 350.00
020 ## - INTERNATIONAL STANDARD BOOK NUMBER
Terms of availability 9789350731840
035 ## - SYSTEM CONTROL NUMBER
System control number U-7229 B-665874
037 ## - SOURCE OF ACQUISITION
Source of stock number/acquisition DBAD/Pub.
040 ## - CATALOGING SOURCE
Original cataloging agency DPL
Language of cataloging Urdu
082 ## - DEWEY DECIMAL CLASSIFICATION NUMBER
Classification number 270.54
100 ## - MAIN ENTRY--PERSONAL NAME
Personal name محمد علی حسينی
245 ## - TITLE STATEMENT
Title ‎تا ر يچ ا سلا مکے مسچ کر د ہ حقا ءق کا بھر پو ر جا يزہ ا و ر حقيقت کا ا نکشا ف
Statement of responsibility, etc محمد علی حسينی
246 ## - VARYING FORM OF TITLE
Title proper/short title Tarikh-e- Islam ke maskh karda Haqaiqka Bharpoor jaiza aur Haqiqat ka Inkashaf
Remainder of title By Hafiz syed Mohd.Ali Husaini
260 ## - PUBLICATION, DISTRIBUTION, ETC. (IMPRINT)
Place of publication, distribution, etc د ھلی
Name of publisher, distributor, etc Educational Publishing House
Date of publication, distribution, etc 2013
270 ## - ADDRESS
Address 3108,Vakeel Street,Kucha Pandit,Lal Kuan
City .Delhi
Postal code 110006
300 ## - PHYSICAL DESCRIPTION
Extent 328ص
Dimensions 22Cm (Hb)
942 ## - ADDED ENTRY ELEMENTS (KOHA)
Source of classification or shelving scheme Dewey Decimal Classification
Item type Urdu Bks
Edition
Classification part 270.54
Call number suffix م ح م
Holdings
Withdrawn status Lost status Source of classification or shelving scheme Damaged status Not for loan Collection code Home library Current library Date acquired Source of acquisition Cost, normal purchase price Total Checkouts Full call number Barcode Date last seen Copy number Cost, replacement price Koha item type
    Dewey Decimal Classification     Non-fiction Ashok Vihar Ashok Vihar 05/04/2017 B-665874 350.00   270.54 م ح م B-665874 05/04/2017 1 350.00 Urdu Bks
    Dewey Decimal Classification   Not For Loan Non-fiction D.B.Act.Division D.B.Act.Division 24/02/2015 DBAD/Pub. 350.00   270.54 م ح م U-7229 24/02/2015 1 350.00 Urdu Bks

© Delhi Public Library
Hit Counter
free hit counter